[Event "PRO League Stage"]
[Site "Chess.com INT"]
[Date "2017.02.22"]
[Round "7"]
[White "Biag, Ivan Gil"]
[Black "Wang, Tianqi"]
[Result "0-1"]
[WhiteElo "2337"]
[BlackElo "2199"]
[PlyCount "128"]
[EventDate "2017.01.11"]
[EventType "team-swiss (rapid)"]
[EventRounds "7"]
[EventCountry "USA"]
[SourceTitle "EXT 2018"]
[Source "ChessBase"]
[SourceDate "2017.10.13"]
[SourceVersion "1"]
[SourceVersionDate "2017.10.13"]
[SourceQuality "1"]
[WhiteTeam "New York Knights"]
[BlackTeam "Carolina Cobras"]
[WhiteTeamCountry "USA"]
[BlackTeamCountry "USA"]

1. d4 Nf6 2. c4 e6 3. Nc3 d6 4. e4 Nbd7 5. Be3 c5 6. d5 exd5 7. cxd5 a6 8. a4 Be7 9. f3 0-0 10. Nh3 Ne8 11. Be2 Ndf6 12. Nf2 b6 13. 0-0 Nc7 14. Rb1 Re8 15. b4 Bf8 16. Qd2 Bd7 17. bxc5 bxc5 18. Bc4 h6 19. Nd3 Bc8 20. Rfe1 Nd7 21. Bf4 Qf6 22. Ne2 a5 23. Rec1 Ba6 24. Bxa6 Nxa6 25. Nc3 Nb4 26. Nb5 Nxd3 27. Qxd3 Qxf4 28. Nc7 Ne5 29. Qe2 g5 30. Rf1 Ng6 31. Nxe8 Rxe8 32. Qb5 Ra8 33. Qc6 Ra7 34. Qb6 Ra8 35. Qc6 Rd8 36. Qc7 Re8 37. Qxa5 Bg7 38. Qb5 Rf8 39. a5 Bd4+ 40. Kh1 h5 41. g3 Qf6 42. a6 h4 43. a7 c4 44. Qb8 hxg3 45. hxg3 Bxa7 46. Qxa7 Kg7 47. Kg2 Ne5 48. Qe3 Ra8 49. Rf2 Nd3 50. Rc2 Ra3 51. Qe2 Qd4 52. Rf1 Kg6 53. f4 gxf4 54. gxf4 Kf6 55. Rd2 Ke7 56. Rc2 Qg7+ 57. Kh2 Qh6+ 58. Kg1 Nxf4 59. Qh2 Qg5+ 60. Kh1 Rh3 61. Qxh3 Nxh3 62. Rxc4 Nf4 63. Rc2 Qe5 64. Re1 Nxd5 0-1

[Event "PRO League Stage"]
[Site "Chess.com INT"]
[Date "2017.02.22"]
[Round "7"]
[White "Giannatos, Peter"]
[Black "Biag, Ivan Gil"]
[Result "0-1"]
[WhiteElo "2284"]
[BlackElo "2337"]
[PlyCount "128"]
[EventDate "2017.01.11"]
[EventType "team-swiss (rapid)"]
[EventRounds "7"]
[EventCountry "USA"]
[SourceTitle "EXT 2018"]
[Source "ChessBase"]
[SourceDate "2017.10.13"]
[SourceVersion "1"]
[SourceVersionDate "2017.10.13"]
[SourceQuality "1"]
[WhiteTeam "Carolina Cobras"]
[BlackTeam "New York Knights"]
[WhiteTeamCountry "USA"]
[BlackTeamCountry "USA"]

1. d4 d5 2. Bf4 Nf6 3. e3 c5 4. Nc3 a6 5. dxc5 Nc6 6. Nf3 e6 7. Na4 Bxc5 8. Nxc5 Qa5+ 9. c3 Qxc5 10. Be2 0-0 11. 0-0 h6 12. h3 Re8 13. Ne5 Nd7 14. Nxd7 Bxd7 15. Bg3 e5 16. b4 Qxc3 17. Qxd5 Be6 18. Qc5 Qxb4 19. Qc2 Qa5 20. a4 Rac8 21. Qb2 Re7 22. Rfc1 f6 23. Bf3 Bd5 24. Bg4 Rd8 25. Rd1 Bf7 26. Rxd8+ Qxd8 27. Rd1 Qa5 28. Qc2 Qb4 29. Bf5 Bb3 30. Qd3 Bxd1 31. Qd5+ Kf8 32. Qxd1 Qc5 33. Qh5 b5 34. axb5 axb5 35. Qg6 b4 36. Qh7 Qc4 37. Bd3 Qg8 38. Qe4 Qe6 39. Bc4 f5 40. Qc2 Qf6 41. Bb3 Rd7 42. Qc4 Ke7 43. Ba4 Rd6 44. f3 g5 45. Be1 Qe6 46. Qc2 Kf6 47. Bb3 Qd7 48. h4 f4 49. hxg5+ hxg5 50. exf4 gxf4 51. Bh4+ Kg7 52. Qc4 Qe8 53. Bf2 Nd4 54. Qxb4 Qd8 55. Ba4 Ne2+ 56. Kf1 Ng3+ 57. Bxg3 fxg3 58. Qg4+ Rg6 59. Qe4 Qd4 60. Qxd4 exd4 61. Ke2 Ra6 62. Bb3 Ra3 63. Bd5 Kf6 64. f4 Kf5 0-1

[Event "Penang op-A 5th"]
[Site "Penang"]
[Date "2013.12.12"]
[Round "6"]
[White "Dimakiling, Oliver"]
[Black "Biag, Ivan Gil"]
[Result "0-1"]
[WhiteElo "2376"]
[BlackElo "2279"]
[PlyCount "96"]
[EventDate "2013.12.09"]
[EventType "swiss"]
[EventRounds "9"]
[EventCountry "MAS"]
[SourceTitle "CBM 157 Extra"]
[Source "ChessBase"]
[SourceDate "2013.12.19"]
[SourceVersion "1"]
[SourceVersionDate "2013.12.19"]
[SourceQuality "1"]

1. d4 d5 2. Nf3 Nf6 3. Bf4 e6 4. Nbd2 c5 5. dxc5 Bxc5 6. e3 Nc6 7. a3 0-0 8. c4 b6 9. Bd3 Bb7 10. 0-0 h6 11. Rc1 Bd6 12. cxd5 Nxd5 13. Bxd6 Qxd6 14. Ne4 Qe7 15. Qa4 Rfc8 16. Bb5 Nd8 17. Ba6 Bxa6 18. Qxa6 Rc7 19. Nd4 Qd7 20. Nb5 Rc6 21. Nd4 Rc7 22. Rcd1 Nc6 23. Ng3 Nxd4 24. Rxd4 Qe7 25. Rfd1 Rc2 26. R4d2 Rac8 27. h3 Qc7 28. Nf1 Rxd2 29. Rxd2 Nf6 30. Qa4 a5 31. Qb5 Qc5 32. Qa6 g6 33. Rd4 Kg7 34. b3 Rc7 35. b4 axb4 36. axb4 Qc6 37. Rd8 b5 38. Qa5 Rd7 39. Rb8 Rd1 40. Qa2 Ne4 41. Qb2+ Nc3 42. f4 Qc4 43. Qf2 Qxb4 44. Kh2 Qb1 45. Ng3 h5 46. Nxh5+ gxh5 47. Qg3+ Qg6 48. Qf3 h4 0-1

[Event "Penang op-A 5th"]
[Site "Penang"]
[Date "2013.12.11"]
[Round "5"]
[White "Chong, Chor Yuen"]
[Black "Biag, Ivan Gil"]
[Result "0-1"]
[WhiteElo "2055"]
[BlackElo "2279"]
[PlyCount "119"]
[EventDate "2013.12.09"]
[EventType "swiss"]
[EventRounds "9"]
[EventCountry "MAS"]
[SourceTitle "CBM 157 Extra"]
[Source "ChessBase"]
[SourceDate "2013.12.19"]
[SourceVersion "1"]
[SourceVersionDate "2013.12.19"]
[SourceQuality "1"]

1. e4 c6 2. d4 d5 3. Nc3 dxe4 4. Nxe4 Bf5 5. Ng3 Bg6 6. h4 h6 7. Nf3 Nd7 8. h5 Bh7 9. Bd3 Bxd3 10. Qxd3 e6 11. Bf4 Qa5+ 12. Bd2 Bb4 13. c3 Be7 14. c4 Qc7 15. 0-0-0 Ngf6 16. Kb1 0-0 17. Ne4 Rad8 18. Nxf6+ Nxf6 19. Qe2 c5 20. Bc3 Qf4 21. d5 Qe4+ 22. Qxe4 Nxe4 23. Rhe1 Nxf2 24. Rd2 Ng4 25. Rde2 Bf6 26. dxe6 fxe6 27. Rxe6 Bxc3 28. bxc3 Nf6 29. R1e5 b6 30. Kc2 Rd7 31. a4 Rb8 32. Nh4 Rbd8 33. Nf3 Rd6 34. Re7 R8d7 35. Rxd7 Rxd7 36. Kb3 Kf7 37. a5 Rd1 38. axb6 axb6 39. Ka4 Rc1 40. Kb3 Rf1 41. Nh4 Rh1 42. g3 Rh3 43. Kb2 Rxg3 44. Nf5 Rg5 45. Nd6+ Kf8 46. Re2 Rxh5 47. Ka3 Rh3 48. Ka4 Rxc3 49. Kb5 Rb3+ 50. Kc6 h5 51. Nb5 h4 52. Kxb6 h3 53. Kxc5 Ng4 54. Nd4 Rg3 55. Kd6 h2 56. Ne6+ Kg8 57. Ng5 Rd3+ 58. Kc7 Re3 59. Rxh2 Nxh2 60. Kd6 0-1

[Event "Penang op-A 5th"]
[Site "Penang"]
[Date "2013.12.10"]
[Round "3"]
[White "Biag, Ivan Gil"]
[Black "Fominyh, Alexander"]
[Result "1/2-1/2"]
[WhiteElo "2279"]
[BlackElo "2444"]
[PlyCount "55"]
[EventDate "2013.12.09"]
[EventType "swiss"]
[EventRounds "9"]
[EventCountry "MAS"]
[SourceTitle "CBM 157 Extra"]
[Source "ChessBase"]
[SourceDate "2013.12.19"]
[SourceVersion "1"]
[SourceVersionDate "2013.12.19"]
[SourceQuality "1"]

1. d4 d5 2. c4 c6 3. Nf3 Nf6 4. e3 Bg4 5. Nc3 e6 6. Qb3 Qb6 7. Ne5 Bf5 8. Bd3 Bxd3 9. Nxd3 Nbd7 10. cxd5 exd5 11. Bd2 Bd6 12. 0-0 0-0 13. Qxb6 Nxb6 14. b3 Ne4 15. Rad1 Nxd2 16. Rxd2 Rfe8 17. Re2 a5 18. a4 Nd7 19. Rfe1 Kf8 20. g3 Re6 21. Kg2 Bc7 22. e4 dxe4 23. Nxe4 Rd8 24. f4 Re7 25. Ne5 h6 26. Kf3 Nb6 27. Nc5 Bd6 28. h4 1/2-1/2